MARC details
| 000 -LEADER |
| fixed length control field |
01869nam a2200409 a 4500 |
| 001 - CONTROL NUMBER |
| control field |
12738 |
| 003 - CONTROL NUMBER IDENTIFIER |
| control field |
BD-JhCC |
| 005 - DATE AND TIME OF LATEST TRANSACTION |
| control field |
20230520094949.0 |
| 007 - PHYSICAL DESCRIPTION FIXED FIELD--GENERAL INFORMATION |
| fixed length control field |
sd fsngnnmmned |
| 008 - FIXED-LENGTH DATA ELEMENTS--GENERAL INFORMATION |
| fixed length control field |
230510s2014 nyu | 001 | eng d |
| 020 ## - INTERNATIONAL STANDARD BOOK NUMBER |
| International Standard Book Number |
9781471138805 |
| 024 3# - OTHER STANDARD IDENTIFIER |
| Canceled/invalid standard number or code |
9781442376229 |
| 035 ## - SYSTEM CONTROL NUMBER |
| System control number |
(BD-JhCC)12738 |
| 040 ## - CATALOGING SOURCE |
| Original cataloging agency |
TOH |
| Language of cataloging |
eng |
| Transcribing agency |
TOH |
| Modifying agency |
BTCTA |
| -- |
BDX |
| -- |
TEF |
| -- |
IK2 |
| -- |
JP3 |
| -- |
RECBX |
| -- |
OCLCF |
| -- |
MNM |
| -- |
DLC |
| -- |
BD-JhCC |
| 042 ## - AUTHENTICATION CODE |
| Authentication code |
lccopycat |
| 050 00 - LIBRARY OF CONGRESS CALL NUMBER |
| Classification number |
SDC 53348 |
| 082 04 - DEWEY DECIMAL CLASSIFICATION NUMBER |
| Classification number |
004.092/2 |
| Edition number |
23 |
| Item number |
ISA 2014 |
| 100 1# - MAIN ENTRY--PERSONAL NAME |
| Personal name |
Isaacson, Walter. |
| 245 14 - TITLE STATEMENT |
| Title |
The innovators : |
| Remainder of title |
how a group of hackers, geniuses, and geeks created the digital revolution / |
| Statement of responsibility, etc. |
Walter Isaacson. |
| 260 ## - PUBLICATION, DISTRIBUTION, ETC. |
| Place of publication, distribution, etc. |
New York : |
| Name of publisher, distributor, etc. |
Simon & Schuster Audio, |
| Date of publication, distribution, etc. |
2014. |
| 300 ## - PHYSICAL DESCRIPTION |
| Extent |
542 p. : |
| Dimensions |
21 cm. |
| 306 ## - PLAYING TIME |
| Playing time |
173000 |
| 504 ## - BIBLIOGRAPHY, ETC. NOTE |
| Bibliography, etc. note |
Includes index. |
| 511 0# - PARTICIPANT OR PERFORMER NOTE |
| Participant or performer note |
Reading by Dennis Boutsikaris of the 2014 book. |
| 520 ## - SUMMARY, ETC. |
| Summary, etc. |
The computer and the Internet are among the most important inventions of our era, but few people know who created them. Most innovations of the digital age were made collaboratively. There were a lot of fascinating people involved, some ingenious and even a few geniuses. This is the story of these pioneers, hackers, and entrepreneurs, how their minds worked and what made them so creative. It's also a narrative of how their ability to work as teams made them even more creative. |
| 650 #0 - SUBJECT ADDED ENTRY--TOPICAL TERM |
| Topical term or geographic name entry element |
Computer scientists |
| Form subdivision |
Biography. |
| 650 #0 - SUBJECT ADDED ENTRY--TOPICAL TERM |
| Topical term or geographic name entry element |
Computer science |
| General subdivision |
History. |
| 650 #0 - SUBJECT ADDED ENTRY--TOPICAL TERM |
| Topical term or geographic name entry element |
Internet |
| General subdivision |
History. |
| 650 #7 - SUBJECT ADDED ENTRY--TOPICAL TERM |
| Topical term or geographic name entry element |
Computer science. |
| Source of heading or term |
fast |
| Authority record control number or standard number |
(OCoLC)fst00872451 |
| 650 #7 - SUBJECT ADDED ENTRY--TOPICAL TERM |
| Topical term or geographic name entry element |
Computer scientists. |
| Source of heading or term |
fast |
| Authority record control number or standard number |
(OCoLC)fst00872482 |
| 650 #7 - SUBJECT ADDED ENTRY--TOPICAL TERM |
| Topical term or geographic name entry element |
Internet. |
| Source of heading or term |
fast |
| Authority record control number or standard number |
(OCoLC)fst00977184 |
| 655 #7 - INDEX TERM--GENRE/FORM |
| Genre/form data or focus term |
Biography. |
| Source of term |
fast |
| Authority record control number |
(OCoLC)fst01423686 |
| 655 #7 - INDEX TERM--GENRE/FORM |
| Genre/form data or focus term |
History. |
| Source of term |
fast |
| Authority record control number |
(OCoLC)fst01411628 |
| 655 #7 - INDEX TERM--GENRE/FORM |
| Genre/form data or focus term |
Audiobooks. |
| Source of term |
lcgft |
| 942 ## - ADDED ENTRY ELEMENTS (KOHA) |
| Source of classification or shelving scheme |
Dewey Decimal Classification |
| Koha item type |
Books |